|
|
|
|
| LEADER |
00000nam a2200000 a 4500 |
| 001 |
vtls001084651 |
| 003 |
SK-MaSNL |
| 005 |
20260301055913.0 |
| 008 |
250414s1987 xo 0 slo |
| 015 |
|
|
|a SNBA1987/07
|
| 035 |
|
|
|a SNK000027490
|
| 040 |
|
|
|a SNK
|b slo
|c SNK
|e AACR2
|
| 041 |
0 |
|
|a slo
|
| 044 |
|
|
|a xo
|c SK
|
| 080 |
|
|
|a 325.252(=854):323.23
|2 1981
|
| 080 |
|
|
|a 323.23
|2 1981
|
| 080 |
|
|
|a 325.252(=854)
|2 1981
|
| 100 |
1 |
|
|a Hudečková, Viera,
|d 1943-
|4 aut
|9 86910
|
| 245 |
1 |
0 |
|a Politický klerikalizmus a súčasný antikomunizmus
|c Viera Hudečková ; Ján Rovenský
|
| 250 |
|
|
|a 1. vyd.
|
| 260 |
|
|
|a Bratislava
|b Pravda
|a S.l.
|b ÚML ÚV KSS [vyd.]
|c 1987
|e Bratislava
|f Pravda
|
| 300 |
|
|
|a 165 s., 9,29 AH
|c 20 cm
|
| 366 |
|
|
|e 1500 výtl.
|
| 500 |
|
|
|a Lit. 217. 217 zázn. v slov., češ., ruš. a nem.
|
| 700 |
1 |
|
|a Rovenský, Ján
|4 bkd
|9 60517
|
| 852 |
|
|
|a Slovenská národná knižnica
|
| 954 |
|
|
|a klerikalizmus politický
|a antikomunizmus
|a emigrácia klerikálna slovenská
|
| 958 |
|
|
|a OND
|
| 958 |
|
|
|a SP
|
| 958 |
|
|
|a TL
|
| 958 |
|
|
|a NB
|
| 999 |
|
|
|c 614413
|d 616343
|
| 952 |
|
|
|a SNK
|b SNK
|y PREZ
|7 0
|p 17A0936140
|o snkSC 68676
|0 0
|1 0
|4 0
|d 2012-08-23
|l 0
|r 2025-07-15 00:00:00
|w 2026-02-23
|
| 952 |
|
|
|t P60, <04>, [BOOK], {604}
|a SNK
|b SNK
|y VYP
|7 0
|p 17A0227931
|o snkSC 68676 D1
|0 0
|1 0
|4 0
|d 2000-02-08
|l 0
|r 2004-12-31 00:00:00
|w 2026-02-23
|